Ballon d'Or 2022: Top 30 (avec photo) - Statistiques

Statistiques générales
  • Ce quiz a été pris 1 570 fois
  • Le résultat moyen est 27 sur 30
Statistiques - réponses
Par images Réponse % Correct
Karim Benzema
100%
Kylian Mbappé
99%
Kevin De Bruyne
98%
Luka Modric
98%
Mohamed Salah
98%
Erling Haaland
97%
Thibaut Courtois
97%
Cristiano Ronaldo
96%
Robert Lewandowski
96%
Sadio Mané
96%
Harry Kane
95%
Son Heung-min
95%
Vinicius Junior
95%
Riyad Mahrez
94%
Virgil van Dijk
92%
Mike Maignan
91%
Phil Foden
91%
Bernardo Silva
89%
Casemiro
89%
Antonio Rüdiger
88%
Christopher Nkunku
88%
Rafael Leao
87%
Joshua Kimmich
85%
Trent Alexander-Arnold
85%
Darwin Núñez
82%
Fabinho
79%
Joao Cancelo
77%
Sébastien Haller
75%
Dusan Vlahovic
74%
Luis Diaz
69%
Aucun quiz correspondant
Distribution des résultats
% des personnes avec chaque résultat
Percentile par nombre de réponses
Votre historique - résultats
Vous n’avez pas pris ce quiz